| 000 | 00824nam a2200229 a 4500 | ||
|---|---|---|---|
| 999 |
_c6189 _d6189 |
||
| 001 | 6189 | ||
| 003 | BD-JhCC | ||
| 005 | 20180120173743.0 | ||
| 008 | 180116s1968 bg |||| ||a| 000 0 ben d | ||
| 035 | _a(BD-JhCC)6189 | ||
| 040 |
_aBD-JhCC _dBD-JhCC |
||
| 041 | _aben | ||
| 082 |
_a370.7 _bWHA 1968 |
||
| 100 | _aহোয়াইটহেড, আলফ্রেড নর্থ | ||
| 245 |
_aশিক্ষার স্বরুপ / _cআলফ্রেড নর্থ হোয়াইটহেড; অধ্যাপক মীর সালেক অনুদিত |
||
| 260 |
_aঢাকা : _bবাংলা একাডেমী, _c১৯৬৮. |
||
| 300 |
_a268 p. : _c21 cm. |
||
| 650 | _aEducation | ||
| 700 | _aসালেক, অধ্যাপক মীর | ||
| 942 |
_2ddc _cBK |
||